000 01895cam a2200349 i 4500
001 768714001
003 CO-MdFUSB
005 20220405142510.0
007 ta
008 180102t2018 mdu b 001 0 eng
020 _a1421426188
040 _aDLC
_beng
_cCO-MdFUSB
_erda
_dDLC
_dDLC
041 _aeng
082 0 0 _a201.65
_223
_bW274
245 1 4 _aThe warfare between science and religion :
_bthe idea that wouldn't die /
_ceditado por Jeff Hardin , Ronald L. Numbers , Ronald A. Binzley.
264 1 _aBaltimore :
_bJohns Hopkins University Press,
_c[2018]
264 4 _c© 2018
300 _a355 páginas ;
_c23 cm
336 _atexto
_btxt
_2rdacontent
337 _asin mediación
_bn
_2rdamedia
338 _avolumen
_bnc
_2rdacarrier
504 _aIncluye referencias bibliográficas e índice.
505 _aIntroducción / Mark A. Noll, David N. Livingstone -- La tesis de la guerra / Lawrence M. Principe -- El caso Galileo / Maurice A. Finocchiaro -- Rumores de guerra / Monte Harrell Hampton -- Los victorianos: Tyndall y Draper / Bernard Lightman -- Europa continental / Frederick Gregory -- Católicos romanos / David Mislin -- Cristianos ortodoxos orientales / Efthymios Nicolaidis -- Protestantes liberales / Jon H. Roberts -- Evangélicos protestantes / Bradley J. Gundlach -- Judíos / Noah Efron -- Musulmanes / M. Alper Yalçinkaya -- Nuevos ateos / Ronald L. Numbers, Jeff Hardin -- Neo-armonistas / Peter Harrison -- Historiadores / John Hedley Brooke -- Científicos / Elaine Howard Ecklund, Christopher P. Scheitle -- Científicos sociales / Thomas H. Aechtner -- La vista en la calle / John H. Evans.
563 _aRústico
650 7 _9259
_aReligión y ciencia
700 1 _aHardin, Jeff,
_eeditor.
700 1 _aNumbers, Ronald L.,
_eeditor.
700 1 _aBinzley, Ronald A.,
_eeditor.
942 _cBK
945 _aJTF
999 _c67664
_d67664